An introduction to molecular biotechnology : Fundamentals, methods and applications (Record no. 43140)

MARC details
000 -LEADER
fixed length control field 00506nam a2200193Ia 4500
020 ## - INTERNATIONAL STANDARD BOOK NUMBER
ISBN 9783527326372
082 ## - DEWEY DECIMAL CLASSIFICATION NUMBER
Classification number 573.6
Item number WIN
100 ## - MAIN ENTRY--AUTHOR NAME
Personal name WINK, Michael ed.
245 #3 - TITLE STATEMENT
Title An introduction to molecular biotechnology : Fundamentals, methods and applications
250 ## - EDITION STATEMENT
Edition statement 2
260 ## - PUBLICATION, DISTRIBUTION, ETC. (IMPRINT)
Place of publication Wiley-VCH Verlag GmbH & Co.KGaA
Name of publisher Weinheim
Year of publication 2011
650 ## - SUBJECT ADDED ENTRY--TOPICAL TERM
Topical Term Cell
650 ## - SUBJECT ADDED ENTRY--TOPICAL TERM
Topical Term Cloning
650 ## - SUBJECT ADDED ENTRY--TOPICAL TERM
Topical Term Laser
650 ## - SUBJECT ADDED ENTRY--TOPICAL TERM
Topical Term Macromolecules
650 ## - SUBJECT ADDED ENTRY--TOPICAL TERM
Topical Term Mass spectrometry
650 ## - SUBJECT ADDED ENTRY--TOPICAL TERM
Topical Term Microscopy
942 ## - ADDED ENTRY ELEMENTS (KOHA)
Koha item type Books
Holdings
Withdrawn status Lost status Damaged status Not for loan Home library Current library Date acquired Cost, normal purchase price Full call number Accession Number Koha item type
        RRII Library RRII Library 16/12/2021 99.95 573.6 WIN 23406 Books